000 00554nam a2200205 i 4500
001 103555
003 ES-MaACL
007 t|
008 060303s2006 sp ||||1| spa d
020 _a84-321-3579-8
080 _a821.134.2-14"20"
100 1 _aMeseguer Velasco, Juan.
_980660
245 1 0 _aBancos de arena /
_cJuan Meseguer Velasco.
260 _aMadrid :
_bRialp,
_c[2006]
300 _a68 p. ;
_c17 cm.
490 1 _aAdonais ;
_v590
830 0 0 _aAdonĂ¡is
_v590
_9173743
852 _aES-MaACL
_jJ-23-590
_bR.137389
999 _c103555
_d103555